LEADER 01023nam a2200229 i 4500 001 000000199196 003 CaOOAMICUS 005 20110318000000.0 008 110318s1940 it u000 u ita u 013 $a177887 040 $aSeMil$bita 100 1 $aRavalico, Domenico Eugenio.$0(OLS)http://semarc/name/39913 245 13$aIl radio libro :$bdai primi elementi di radiotecnica ai pił recenti apparecchi radio /$cD. E. Ravalico. 250 $a5. edizione rifatta. 260 $aMilano :$bUlrico Hoepli,$c1940. 300 $aXX, 568 p. ;$c20 cm. 500 $aIn mezzo al front : 485 figure, 300 schemi completi di apparecchi radio, 29. tabelle. 650 4$aRadio.$0(OLS)http://semarc/subject/15359 850 $aSeMil 852 $aSeMil$W1$xVenegono$y1$m3X V 127$j149749$B149749$CSeMilBibl$Z2$F161116 $81 996 $6245$aIl radio libro :$bdai primi elementi di radiotecnica ai pił recenti apparecchi radio$9(OLS)http://semarc/title/288012 996 $6260$aMilano :$bUlrico Hoepli$9(OLS)http://semarc/publisher/29765 LEADER 01902nam a2200337 i 4500 001 000000033047 003 CaOOAMICUS 005 20240724081643.0 008 180830s1731 it u000 u ita u 040 $aSeMil$bita 110 2 $aChiesa Cattolica.$0(OLS)http://semarc/name/987 245 10$aBreviarium ambrosianum sancti Caroli cardinalis archiepisch. jussu editum, et novissime Benedicti card. Odescalchi archiepiscopi auctoritate recognitum. 260 $aMediolani :$bApud Beniamin de Sirturis, impress. archiep.,$c1731$e(Mediolani :$fApud Beniamin, de Sirturis haeredem Pacifici Pontii, & Piccaleae, Impressorem Archiepiscopalem,$g1731) 300 $av. ;$c8°. 500 $aFront. e testo stampati in rosso e nero. - Cors. ; rom. 650 4$aLibri liturgici - Liturgia delle Ore - Rito ambrosiano.$0(OLS)http://semarc/subject/59246 650 4$aLibri liturgici - Breviario ambrosiano.$0(OLS)http://semarc/subject/59264 700 0 $aInnocentius XI,$c.$0(OLS)http://semarc/name/821 700 1 $aBorromeo, Carlo,$c.$0(OLS)http://semarc/name/3012 700 1 $aSirtori, Beniamino,$c.$0(OLS)http://semarc/name/15190 774 0 $tPars hyemalis a dominica 1. octobris usque ad octavam epiph.$g1$w()248279 774 0 $tPars hyemalis a dominica 1. octobris usque ad octavam epiph.$g1$w()249851 900 1 $aOdescalchi, Benedetto,$d<1611-1689>. 900 0 $aInnocenzo XI$c. 910 2 $aSanta Sede. 996 $6245$aBreviarium ambrosianum sancti Caroli cardinalis archiepisch. jussu editum, et novissime Benedicti card. Odescalchi archiepiscopi auctoritate recognitum$9(OLS)http://semarc/title/44742 996 $6260$aMediolani :$bApud Beniamin de Sirturis, impress. archiep.$9(OLS)http://semarc/publisher/39486